| 000 | 00686nam a2200193 a 4500 | ||
|---|---|---|---|
| 008 | 081205s2006 ||||||||||||||||| || u | ||
| 020 | _a0471700541 | ||
| 050 | _aTD 768 Tur | ||
| 100 | _aTurovskiy, Izrail S | ||
| 245 | 1 | 0 |
_aWastewater sludge processing _cIzrail S. Turovskiy and P. K. Mathai |
| 260 |
_aHoboken, NJ _bJohn Wiley and Sons _c2006 |
||
| 300 | _axii, 354p.: ill. | ||
| 350 | _a0.00 | ||
| 650 | _aSEWERAGE | ||
| 650 | _aSEWAGE SLUDGE | ||
| 650 | _aSEWAGE--PURIFICATION | ||
| 700 | _aMathai, P. K | ||
| 995 |
_D0.00 _FCBU-MAIN LIBRARY (Kitwe) _H1 _I0.00 _M1 _UAVAILABLE _WJan 30, 2009 _ZMain Library Open Access Collection |
||
| 999 |
_c61448 _d61448 |
||